Σύγγραμα περι φαναρωτιών

Αποθηκεύτηκε σε:
Λεπτομέρειες βιβλιογραφικής εγγραφής
Κύριος συγγραφέας: Ζαλλώνης, Μάρκος Φ.
Άλλοι συγγραφείς: Παπαδόπουλος, Θανάσης Χ., 1940- (Επιμελητής έκδοσης)
Μορφή: Βιβλίο
Γλώσσα:Greek
Δημοσίευση: Αθήνα : Επικαιρότητα, 1975.
Έκδοση:4η εκδ.
Σειρά:Νεοελληνική ιστορική βιβλιοθήκη
Θέματα:
Ετικέτες: Προσθήκη ετικέτας
Δεν υπάρχουν, Καταχωρήστε ετικέτα πρώτοι!

MARC

LEADER 00000cam a2200000 i 4500
001 1/53092
008 941103s1975 gr | ||| |||| ||gre||
035 |a 1994  |c ΔΩΡΕΑ  |l 10044612 
040 |a GR-MyUA  |b gre  |e AACR2 
041 0 |a gre 
082 0 |a 938.5 
100 1 |a Ζαλλώνης, Μάρκος Φ. 
245 1 0 |a Σύγγραμα περι φαναρωτιών /   |c Μάρκου Φιλίππου Ζαλώνη ; επιμέλεια - εισαγωγή Θανάσης Χ. Παπαδόπουλος.  
250 |a 4η εκδ.  
260 |a Αθήνα :   |b Επικαιρότητα,   |c 1975.  
300 |a 193 σ. ;   |c 20 εκ.  
490 1 |a (Νεοελληνική ιστορική βιβλιοθήκη)  
651 0 |a Greece  |x History  |y 1453-1821. 
700 1 |a Παπαδόπουλος, Θανάσης Χ.,   |d 1940-  |e edt 
830 0 |a Νεοελληνική ιστορική βιβλιοθήκη 
852 |a INST  |b SAMOS  |e 19941103  |h 938.5 ΖΑΛ  |p 005300000448  |q 005300000448  |t BK  |y 0 
909 |a Σ  |b 027865